[Event "Rome La Lupa op"]
[Site "Rome"]
[Date "2010.05.09"]
[Round "1"]
[White "Carconi, Massimo"]
[Black "Quimi, Marco"]
[Result "0-1"]
[WhiteElo "1725"]
[BlackElo "2163"]
[PlyCount "70"]
[EventDate "2010.05.09"]
[EventType "swiss"]
[EventRounds "7"]
[EventCountry "ITA"]
[SourceTitle "EXT 2024"]
[Source "ChessBase"]
[SourceDate "2023.10.10"]
[SourceVersion "1"]
[SourceVersionDate "2023.10.10"]
[SourceQuality "1"]

1. e4 e5 2. Nf3 d6 3. h3 Nf6 4. Nc3 Nc6 5. Bb5 Bd7 6. Ne2 g6 7. d3 Bg7 8. c3 a6 9. Ba4 0-0 10. 0-0 b5 11. Bb3 Na5 12. Bc2 c5 13. Be3 Re8 14. Qd2 Qc7 15. Rac1 d5 16. exd5 Nxd5 17. Bh6 Bh8 18. b4 Nb7 19. c4 Nxb4 20. cxb5 Bxb5 21. Bb1 Qd6 22. Nc3 e4 23. dxe4 Qxd2 24. Bxd2 Rad8 25. a3 Na5 26. axb4 Nb3 27. Ba2 Nxc1 28. Nxb5 axb5 29. bxc5 Rxe4 30. Bc3 Bxc3 31. Rxc1 Ra4 32. Bb3 Rb4 33. Ba2 Rb2 34. Rxc3 Rd1+ 35. Kh2 b4 0-1